| 000 | 00621cam a2200205 a 4500 | ||
|---|---|---|---|
| 020 | _a9057025752 | ||
| 040 | _cUKM | ||
| 082 | 0 | 0 | _a570 HAR 1999 A027 Or. |
| 100 | 1 | _aOgilvie, Marilyn Bailey | |
| 245 | 1 | 2 |
_aA dame full of vim and vigor : _ba biography of Alice Middleton Boring, biologist in China / |
| 260 |
_aAmsterdam, The Netherlands : _bHarwood Academic, _cc1999 |
||
| 300 |
_axvii, 217 p. : _bill. ; _c24 cm |
||
| 490 | 1 | _aWomen in science | |
| 650 | 0 | _aWomen biologists | |
| 650 | 0 | _aWomen biologists | |
| 650 | 0 | _aBiologists | |
| 650 | 0 | _aWomen biologists | |
| 700 | 1 | _aChoquette, Clifford J | |
| 942 | _cEK | ||
| 999 |
_c12954 _d12954 |
||